Countries: Three by Three Quiz Stats

 Plays Quiz Updated Feb 13, 2015

Also try: Odd Number Out
Challenge
Share
Tweet
Embed
Score 0/42 Timer 12:00
17 Plays Today
Three-Letter Pattern Countries % Correct
RUSRussia
95.6%
URUUruguay
89.1%
IRAIran
88.9%
IRAIraq
86.6%
OMAOman
75.2%
RUSBelarus
71.9%
BANBangladesh
61.5%
WANTaiwan
58.4%
AMAPanama
58%
MENYemen
55.9%
UATGuatemala
52%
URISuriname
49.4%
MENTurkmenistan
48.5%
WANRwanda
46%
OMARomania
43%
MENArmenia
40.7%
ENTArgentina
40.7%
BANAlbania
38.7%
ORESouth Korea
38.3%
ORENorth Korea
38.3%
ENESenegal
37.9%
Three-Letter Pattern Countries % Correct
ENEVenezuela
37.4%
OMASomalia
35.3%
AMABahamas
34.8%
ORESingapore
34.7%
URUBurundi
34.2%
URUNauru
32.7%
ADOEcuador
32.4%
WANBotswana
30.6%
UATVanuatu
29.6%
ADOBarbados
29.3%
AMAJamaica
29.2%
BANLebanon
27.1%
URIMauritania
26.6%
ADOEl Salvador
26.4%
ENTCentral African Republic
26.1%
IRAUnited Arab Emirates
25.7%
URIMauritius
24.9%
RUSCyprus
22.9%
UATEquatorial Guinea
21.8%
ENTSt. Vincent and the Grenadines
21%
ENEMontenegro
20.1%

You're not logged in!

Compare scores with friends on all Sporcle quizzes.
Join for Free
OR
Log In

You Might Also Like...

Show Comments

Extras

Top Quizzes Today


Score Distribution

Your Account Isn't Verified!

In order to create a playlist on Sporcle, you need to verify the email address you used during registration. Go to your Sporcle Settings to finish the process.

Report this User

Report this user for behavior that violates our Community Guidelines.

Details: